Team Menard Indycar Drivers - Statistics

General Stats
  • This quiz has been taken 3 times
  • The average score is 7 of 22
Answer Stats
Nationality # of
races
Driver % Correct
Netherlands 1 Arie Luyendyk
100%
USA 3 Robby Gordon
100%
USA 4 Scott Brayton
100%
USA 24 Tony Stewart
100%
USA 1 Al Unser
50%
USA 4 Eddie Cheever
50%
USA 28 Greg Ray
50%
UK 2 Jim Crawford
50%
Brazil 1 Nelson Piquet
50%
USA 14 Robbie Buhl
50%
USA 1 Buddy Lazier
0%
USA 1 Danny Ongais
0%
USA 4 Gary Bettenhausen
0%
Australia 1 Geoff Brabham
0%
USA 27 Herm Johnson
0%
USA 11 Jaques Lazier
0%
USA 1 Kevin Cogan
0%
USA 8 Mark Dismore
0%
Brazil 2 Raul Boesel
0%
USA 1 Richie Hearn
0%
USA 1 Tom Sneva
0%
Brazil 14 Vitor Meira
0%
No matching quizzes found
Score Distribution
Percent of People with Each Score
Percentile by Number Answered
Your Score History
You have not taken this quiz